Who wrote that Romance Book? - Statistics

General Stats
  • This quiz has been taken 111 times
  • The average score is 4 of 10
Answer Stats
Title Author % Correct
Twisted Love Ana Huang
89%
The Love Hypothesis Ali Hazelwood
68%
Beach Read Emily Henry
66%
Once Upon a Broken Heart Stephanie Garber
49%
Love and Other Words Christina Lauren
42%
Yours Truly Abby Jimenez
31%
Red, White & Royal Blue Casey McQuiston
22%
The Hating Game Sally Thorne
19%
The Five-Star Weekend Elin Hilderbrand
3%
The Deal Tessa Bailey
3%
No matching quizzes found
Score Distribution
Percent of People with Each Score
Percentile by Number Answered
Your Score History
You have not taken this quiz